| 000 | 00510cam a22001457a 4500 | ||
|---|---|---|---|
| 008 | 180718b1991 xxu||||| |||| 00| 0 eng d | ||
| 082 | _aT42x54 N213n | ||
| 100 | _aNational Seminar on revitalisation of Indian banking system under the threat or privatisation | ||
| 245 |
_aProceedings _cby S.D. Dhopeshwarkar |
||
| 260 |
_aBombay _bMaharashtra State Bank Employees Federation _c1991 |
||
| 300 | _a70p. | ||
| 650 | _aPrivatization - India | ||
| 650 | _aBanks and banking - India | ||
| 700 | _aDhopeshwarkar, S.D. | ||
| 999 |
_c492485 _d492485 |
||